<?xml version="1.0" encoding="UTF-8"?>
<collection xmlns="http://www.loc.gov/MARC21/slim">
 <record>
  <leader>02548cam a2200313 7i4500</leader>
  <controlfield tag="001">0000056643</controlfield>
  <controlfield tag="005">20190821090000.0</controlfield>
  <controlfield tag="007">  Monographs</controlfield>
  <controlfield tag="008">190821                     eng</controlfield>
  <datafield tag="020" ind1="0" ind2="0">
   <subfield code="a">9789746523158 (pbk.) </subfield>
  </datafield>
  <datafield tag="040" ind1=" " ind2=" ">
   <subfield code="a">OCLC</subfield>
  </datafield>
  <datafield tag="090" ind1="0" ind2="0">
   <subfield code="a">RM725 </subfield>
   <subfield code="b">KIS 2018</subfield>
  </datafield>
  <datafield tag="100" ind1="1" ind2="0">
   <subfield code="a">Kisner, Carolyn </subfield>
   <subfield code="e">author </subfield>
  </datafield>
  <datafield tag="245" ind1="1" ind2="0">
   <subfield code="a">Therapeutic exercise : </subfield>
   <subfield code="b">foundations and techniques  </subfield>
   <subfield code="c">Carolyn Kisner, Lynn Allen Colby, John Borstad.</subfield>
  </datafield>
  <datafield tag="250" ind1="0" ind2="0">
   <subfield code="a">Seventh Edition.</subfield>
  </datafield>
  <datafield tag="264" ind1=" " ind2="1">
   <subfield code="a">Philadelphia: </subfield>
   <subfield code="b">F.A. Davis, </subfield>
   <subfield code="c">2018.</subfield>
  </datafield>
  <datafield tag="264" ind1=" " ind2="4">
   <subfield code="a">♭2018.</subfield>
  </datafield>
  <datafield tag="300" ind1=" " ind2=" ">
   <subfield code="a">xxxiv, 1081pages: </subfield>
   <subfield code="b">illustrations; </subfield>
   <subfield code="c">29 cm.</subfield>
  </datafield>
  <datafield tag="336" ind1=" " ind2=" ">
   <subfield code="a">text</subfield>
   <subfield code="2">rdacontent</subfield>
  </datafield>
  <datafield tag="337" ind1=" " ind2=" ">
   <subfield code="a">unmedaited</subfield>
   <subfield code="2">rdamedia</subfield>
  </datafield>
  <datafield tag="338" ind1=" " ind2=" ">
   <subfield code="a">volume</subfield>
   <subfield code="2">rdacarrier</subfield>
  </datafield>
  <datafield tag="501" ind1="0" ind2="0">
   <subfield code="a">BPHTI</subfield>
  </datafield>
  <datafield tag="501" ind1="0" ind2="0">
   <subfield code="a">FHS</subfield>
  </datafield>
  <datafield tag="504" ind1="0" ind2="0">
   <subfield code="a">Includes bibliographical references and index</subfield>
  </datafield>
  <datafield tag="505" ind1="0" ind2="0">
   <subfield code="a">Thoroughly revised and updated throughout, Kisner &amp; Colby's 6th Edition offers the most up-to-date exercise guidelines for individualizing interventions for those with movement disorders. Now with contributions from the leading experts in the field, it encompasses all of the principles of therapeutic exercise and manual therapy, including spinal surgery and spinal manipulation. This renowned manual remains the authoritative source for exercise instruction for the therapist and for patient self-management. Plus, you'll have access to Kisner and Colby's &quot;Therapeutic Exercise Video Library&quot; online at DavisPlus, featuring over 30 NEW full-color video clips - 94 in all - demonstrating basic therapeutic exercises and techniques. It includes: superb art program, including anatomical illustrations, line drawings, photographs, and radiographs; evidence boxes summarizing current literature; &quot;Management Guideline&quot; boxes; &quot;Pathology/Surgical Procedure&quot; and &quot;Preferred Practice Pattern&quot; tables; &quot;Post-surgery Outcome&quot; boxes; clinical examples throughout; case studies at the end of selected chapters; and, clinical laboratory activities and questions for critical thinking and discussion at the end of every chapter. It also includes: greater emphasis on clinical decision making; ICF terminology; more contributions from experts in the field; new chapter on advanced function training; full-color photographs and illustrations; over 30 NEW full-color video clips - 94 in all - demonstrating basic therapeutic exercises and techniques in Kisner and Colby's &quot;Therapeutic Exercise Video Library&quot;.</subfield>
  </datafield>
  <datafield tag="650" ind1="0" ind2="0">
   <subfield code="a">Exercise Therapy -- </subfield>
   <subfield code="x">methods </subfield>
  </datafield>
  <datafield tag="700" ind1="1" ind2="1">
   <subfield code="a">Colby, </subfield>
   <subfield code="h">Lynn Allen </subfield>
  </datafield>
  <datafield tag="700" ind1="1" ind2="0">
   <subfield code="a">Borstad, John </subfield>
  </datafield>
  <datafield tag="856" ind1=" " ind2=" ">
   <subfield code="u">http://www.igrouppress.com</subfield>
  </datafield>
 </record>
</collection>
